Từ điển cụm động từ Anh - Việt
Sách là quyển từ điển giới thiệu về nghĩa các cụm từ trong tiếng Anh.
Saved in:
| Main Author: | |
|---|---|
| Format: | Book |
| Language: | Undetermined |
| Published: |
Thành phố Hồ Chí Minh
Nhà xuất bản Thành phố Hồ Chí Minh
2001
|
| Subjects: | |
| Tags: |
Add Tag
No Tags, Be the first to tag this record!
|
| Institutions: | Trung tâm Học liệu Trường Đại học Cần Thơ |
|---|
| LEADER | 00756nam a2200217Ia 4500 | ||
|---|---|---|---|
| 001 | CTU_41454 | ||
| 008 | 210402s9999 xx 000 0 und d | ||
| 020 | |b 33.000đ | ||
| 020 | |c 33000 | ||
| 082 | |a 423.95922 | ||
| 082 | |b Ph513 | ||
| 100 | |a Bùi, Phụng | ||
| 245 | 0 | |a Từ điển cụm động từ Anh - Việt | |
| 245 | 0 | |c Bùi Phụng | |
| 260 | |a Thành phố Hồ Chí Minh | ||
| 260 | |b Nhà xuất bản Thành phố Hồ Chí Minh | ||
| 260 | |c 2001 | ||
| 520 | |a Sách là quyển từ điển giới thiệu về nghĩa các cụm từ trong tiếng Anh. | ||
| 650 | |a English language,Vietnamese language | ||
| 904 | |i Minh | ||
| 980 | |a Trung tâm Học liệu Trường Đại học Cần Thơ | ||